मधुमेह व उच्च रक्तदाब दूर ठेवा जन्मभर (Record no. 1084330)

MARC details
000 -LEADER
fixed length control field 00782nam a2200193Ia 4500
008 - FIXED-LENGTH DATA ELEMENTS--GENERAL INFORMATION
fixed length control field 151119s9999||||xx |||||||||||||| ||und||
082 ## - DEWEY DECIMAL CLASSIFICATION NUMBER
Classification number 616गाला/मधुमे
082 ## - DEWEY DECIMAL CLASSIFICATION NUMBER
Item number GKKV32020
100 ## - MAIN ENTRY--PERSONAL NAME
Personal name गाला ध रा
245 ## - TITLE STATEMENT
Title मधुमेह व उच्च रक्तदाब दूर ठेवा जन्मभर
260 ## - PUBLICATION, DISTRIBUTION, ETC. (IMPRINT)
Place of publication, distribution, etc मुंबई
260 ## - PUBLICATION, DISTRIBUTION, ETC. (IMPRINT)
Name of publisher, distributor, etc नवनीत प्रकाशन
260 ## - PUBLICATION, DISTRIBUTION, ETC. (IMPRINT)
Date of publication, distribution, etc 2012
600 ## - SUBJECT ADDED ENTRY--PERSONAL NAME
Personal name गाला ध रा
630 ## - SUBJECT ADDED ENTRY--UNIFORM TITLE
Uniform title मधुमेह व उच्च रक्तदाब दूर ठेवा जन्मभर
700 ## - ADDED ENTRY--PERSONAL NAME
Personal name गाला ध रा
730 ## - ADDED ENTRY--UNIFORM TITLE
Uniform title मधुमेह व उच्च रक्तदाब दूर ठेवा जन्मभर
942 ## - ADDED ENTRY ELEMENTS (KOHA)
Koha item type Book
Holdings
Withdrawn status Lost status Damaged status Not for loan Home library Current library Date acquired Cost, normal purchase price Total Checkouts Full call number Barcode Date last seen Cost, replacement price Price effective from Koha item type
        G.K. Khandekar Vachanalaya, Mulund G.K. Khandekar Vachanalaya, Mulund 11/27/2013 0.00   GKKV32020 GKKV32020 11/19/2015 0.00 11/19/2015 Book